[Event "Titled Tuesday intern op 31st May Late"]
[Site "Chess.com INT"]
[Date "2022.05.31"]
[Round "2"]
[White "Maranhao, Jose Renato Ruiz"]
[Black "Prohorov, Olexandr"]
[Result "1-0"]
[WhiteElo "1923"]
[BlackElo "2086"]
[PlyCount "63"]
[EventDate "2022.05.31"]
[EventType "swiss (blitz)"]
[EventRounds "11"]
[EventCountry "USA"]
[SourceTitle "CBM 208 Extra"]
[Source "ChessBase"]
[SourceDate "2022.07.31"]
[SourceVersion "1"]
[SourceVersionDate "2022.07.31"]
[SourceQuality "1"]

1. g3 c5 2. Bg2 Nc6 3. c4 g6 4. Nc3 Bg7 5. Nf3 Nf6 6. b3 0-0 7. Bb2 e5 8. 0-0 d6 9. e3 Be6 10. d4 cxd4 11. exd4 e4 12. Ng5 d5 13. Nxe6 fxe6 14. Bh3 Qe7 15. Nb5 Rae8 16. Ba3 Nb4 17. Nxa7 Rf7 18. Qd2 Bf8 19. c5 Nd3 20. Nb5 Qd7 21. Nd6 Bxd6 22. cxd6 h5 23. f3 h4 24. fxe4 dxe4 25. Qg5 hxg3 26. Qxg6+ Rg7 27. Qxf6 gxh2+ 28. Kh1 Qc6 29. Bxe6+ Kh7 30. d5 Qc2 31. Qh4+ Kg6 32. Rf6# 1-0

[Event "Titled Tuesday intern op 24th May Late"]
[Site "Chess.com INT"]
[Date "2022.05.24"]
[Round "2"]
[White "Maranhao, Jose Renato Ruiz"]
[Black "Roux, Baptiste"]
[Result "0-1"]
[WhiteElo "1923"]
[BlackElo "2072"]
[PlyCount "66"]
[EventDate "2022.05.24"]
[EventType "swiss (blitz)"]
[EventRounds "11"]
[EventCountry "USA"]
[SourceTitle "EXT 2023"]
[Source "ChessBase"]
[SourceDate "2022.10.05"]
[SourceVersion "1"]
[SourceVersionDate "2022.10.05"]
[SourceQuality "1"]

1. g3 g6 2. Bg2 Bg7 3. c4 e5 4. Nc3 Nc6 5. b3 d6 6. Bb2 Nf6 7. Nf3 0-0 8. 0-0 Be6 9. e3 Qc8 10. Re1 Bh3 11. Bh1 Ng4 12. Ng5 Nh6 13. Nd5 Bd7 14. d4 f6 15. Nf3 Bg4 16. dxe5 fxe5 17. e4 Qd7 18. Re3 Nd4 19. Qd3 Qf7 20. Nxc7 Qxc7 21. Nxd4 exd4 22. Bxd4 Qf7 23. Rf1 Rae8 24. Bxg7 Qxg7 25. Qxd6 Nf7 26. Qc7 Re6 27. Qxb7 Rf6 28. e5 Rf5 29. e6 Ng5 30. Qxg7+ Kxg7 31. e7 Nh3+ 32. Kg2 Rxf2+ 33. Rxf2 Rxf2# 0-1

[Event "Titled Tuesday intern op 17th May Late"]
[Site "Chess.com INT"]
[Date "2022.05.17"]
[Round "5"]
[White "Fiorito, Fabian"]
[Black "Maranhao, Jose Renato Ruiz"]
[Result "1-0"]
[WhiteElo "2374"]
[BlackElo "1923"]
[PlyCount "49"]
[EventDate "2022.05.17"]
[EventType "swiss (blitz)"]
[EventRounds "11"]
[EventCountry "USA"]
[SourceTitle "CBM 208 Extra"]
[Source "ChessBase"]
[SourceDate "2022.07.31"]
[SourceVersion "1"]
[SourceVersionDate "2022.07.31"]
[SourceQuality "1"]

1. e4 b6 2. d4 Bb7 3. Nc3 g6 4. Nf3 Bg7 5. Bc4 e6 6. 0-0 Ne7 7. d5 0-0 8. Bg5 h6 9. Bh4 g5 10. Bg3 exd5 11. exd5 Bxc3 12. bxc3 d6 13. h4 Nf5 14. hxg5 Nxg3 15. fxg3 hxg5 16. Nd4 Nd7 17. Qh5 Ne5 18. Rf5 f6 19. Ne6 Qe8 20. Qh6 Rf7 21. Rxe5 fxe5 22. Qg6+ Kh8 23. Qh6+ Rh7 24. Qf6+ Kg8 25. Bd3 1-0

[Event "Titled Tuesday intern op 17th May Late"]
[Site "Chess.com INT"]
[Date "2022.05.17"]
[Round "1"]
[White "Maranhao, Jose Renato Ruiz"]
[Black "Karttunen, Mika"]
[Result "0-1"]
[WhiteElo "1923"]
[BlackElo "2488"]
[PlyCount "62"]
[EventDate "2022.05.17"]
[EventType "swiss (blitz)"]
[EventRounds "11"]
[EventCountry "USA"]
[SourceTitle "CBM 208 Extra"]
[Source "ChessBase"]
[SourceDate "2022.07.31"]
[SourceVersion "1"]
[SourceVersionDate "2022.07.31"]
[SourceQuality "1"]

1. g3 Nf6 2. Bg2 d5 3. b3 c6 4. Bb2 Nbd7 5. d3 e5 6. Nd2 Bd6 7. e3 0-0 8. Ne2 Qe7 9. 0-0 a5 10. a4 Re8 11. e4 dxe4 12. Nxe4 Nxe4 13. Bxe4 Nc5 14. Bg2 Bg4 15. h3 Bh5 16. Qd2 f5 17. Rae1 Nd7 18. Nd4 Qf8 19. Qg5 Bg6 20. Nf3 Bb4 21. Rd1 Be7 22. Qd2 Bf6 23. Rfe1 Qd6 24. h4 Nb6 25. Ng5 h6 26. Nf3 Nd5 27. d4 e4 28. Ne5 Bh5 29. Rc1 Nb4 30. c4 Bxe5 31. dxe5 Qxd2 0-1

[Event "Titled Tuesday intern op 12th Apr Late"]
[Site "Chess.com INT"]
[Date "2022.04.12"]
[Round "8"]
[White "Maranhao, Jose Renato Ruiz"]
[Black "Friedel, Tom"]
[Result "0-1"]
[WhiteElo "1923"]
[BlackElo "2295"]
[PlyCount "46"]
[EventDate "2022.04.12"]
[EventType "swiss (blitz)"]
[EventRounds "11"]
[EventCountry "USA"]
[SourceTitle "CBM 207 Extra"]
[Source "ChessBase"]
[SourceDate "2022.05.31"]
[SourceVersion "1"]
[SourceVersionDate "2022.05.31"]
[SourceQuality "1"]

1. e4 c6 2. d4 d5 3. e5 Bf5 4. Nf3 e6 5. Be2 Ne7 6. Be3 Nd7 7. Nbd2 Bg6 8. Nb3 Nf5 9. 0-0 Be7 10. a4 0-0 11. a5 c5 12. c4 cxd4 13. Bxd4 Nxd4 14. Qxd4 dxc4 15. Bxc4 Nc5 16. Qe3 Qc7 17. Nbd4 Rac8 18. Rfc1 Qb8 19. Nb5 a6 20. Nc3 Rfd8 21. Nd4 Nd7 22. Be2 Qxe5 23. Qxe5 Nxe5 0-1

[Event "Titled Tuesday intern op 12th Apr Late"]
[Site "Chess.com INT"]
[Date "2022.04.12"]
[Round "5"]
[White "Maranhao, Jose Renato Ruiz"]
[Black "Prohorov, Olexandr"]
[Result "0-1"]
[WhiteElo "1923"]
[BlackElo "2086"]
[PlyCount "58"]
[EventDate "2022.04.12"]
[EventType "swiss (blitz)"]
[EventRounds "11"]
[EventCountry "USA"]
[SourceTitle "CBM 207 Extra"]
[Source "ChessBase"]
[SourceDate "2022.05.31"]
[SourceVersion "1"]
[SourceVersionDate "2022.05.31"]
[SourceQuality "1"]

1. e4 c5 2. d4 cxd4 3. c3 dxc3 4. Nxc3 Nc6 5. Nf3 d6 6. Bc4 e6 7. 0-0 Nf6 8. Qe2 Be7 9. Rd1 Qc7 10. Bg5 0-0 11. Nb5 Qb8 12. Bxf6 gxf6 13. Rac1 a6 14. Nbd4 Nxd4 15. Rxd4 Kh8 16. Bb3 Rg8 17. Rdc4 b5 18. Rc7 Ra7 19. Rxa7 Qxa7 20. Qd3 Bb7 21. Rc7 Re8 22. Rxe7 Rxe7 23. Qxd6 Bxe4 24. Qd8+ Kg7 25. Nh4 Qd7 26. Qxd7 Rxd7 27. f3 Bd5 28. Bc2 Bxa2 29. Bb3 Bxb3 0-1

[Event "Titled Tuesday intern op 12th Apr Late"]
[Site "Chess.com INT"]
[Date "2022.04.12"]
[Round "3"]
[White "Pourkashiyan, Atousa"]
[Black "Maranhao, Jose Renato Ruiz"]
[Result "0-1"]
[WhiteElo "2322"]
[BlackElo "1923"]
[PlyCount "96"]
[EventDate "2022.04.12"]
[EventType "swiss (blitz)"]
[EventRounds "11"]
[EventCountry "USA"]
[SourceTitle "CBM 207 Extra"]
[Source "ChessBase"]
[SourceDate "2022.05.31"]
[SourceVersion "1"]
[SourceVersionDate "2022.05.31"]
[SourceQuality "1"]

1. e4 c6 2. d4 d5 3. Nd2 dxe4 4. Nxe4 Bf5 5. Ng3 Bg6 6. h4 h6 7. Nf3 Nd7 8. h5 Bh7 9. Bd3 Bxd3 10. Qxd3 Ngf6 11. Bd2 e6 12. 0-0-0 Be7 13. Ne4 Nxe4 14. Qxe4 Nf6 15. Qe2 Qd5 16. Kb1 Qe4 17. Be3 0-0 18. Nd2 Qf5 19. f3 e5 20. g4 Qe6 21. Nb3 Rfe8 22. g5 hxg5 23. Bxg5 exd4 24. Qxe6 fxe6 25. Nxd4 e5 26. Nf5 e4 27. fxe4 Bc5 28. h6 Nxe4 29. Bc1 Nf2 30. Rhg1 Nxd1 31. Rxd1 g6 32. Nh4 Kh7 33. Rd7+ Re7 34. Rd3 Rf8 35. Nf3 Rf5 36. Ng5+ Kxh6 37. Ne6+ Kh7 38. Nxc5 Rxc5 39. b3 Re2 40. c4 Rf5 41. Rd7+ Kg8 42. Rd8+ Kf7 43. Rd7+ Re7 44. Rd1 Rf2 45. Bg5 Ree2 46. Rd7+ Ke6 47. Rxb7 Rxa2 48. Kc1 Ra1# 0-1

[Event "Titled Tuesday intern op 12th Apr Late"]
[Site "Chess.com INT"]
[Date "2022.04.12"]
[Round "2"]
[White "Suarez Uriel, Adrian"]
[Black "Maranhao, Jose Renato Ruiz"]
[Result "1-0"]
[WhiteElo "2363"]
[BlackElo "1923"]
[PlyCount "53"]
[EventDate "2022.04.12"]
[EventType "swiss (blitz)"]
[EventRounds "11"]
[EventCountry "USA"]
[SourceTitle "CBM 207 Extra"]
[Source "ChessBase"]
[SourceDate "2022.05.31"]
[SourceVersion "1"]
[SourceVersionDate "2022.05.31"]
[SourceQuality "1"]

1. d4 d5 2. c4 e6 3. Nc3 Nf6 4. e3 c6 5. Nf3 Nbd7 6. Bd3 dxc4 7. Bxc4 b5 8. Bd3 Bb7 9. e4 Be7 10. 0-0 0-0 11. e5 Nd5 12. Ne4 Re8 13. Nfg5 h6 14. Qh5 hxg5 15. Nd6 Bxd6 16. Qh7+ Kf8 17. Qh8+ Ke7 18. Bxg5+ N7f6 19. Qxg7 Kd7 20. exd6 Kxd6 21. Qxf7 Rf8 22. Qxb7 a5 23. Rac1 Rc8 24. Rfe1 Rg8 25. Bh4 Qf8 26. Bg3+ e5 27. dxe5+ 1-0

[Event "Titled Tuesday intern op 12th Apr Late"]
[Site "Chess.com INT"]
[Date "2022.04.12"]
[Round "7"]
[White "Vujic, Mihailo"]
[Black "Maranhao, Jose Renato Ruiz"]
[Result "1-0"]
[WhiteElo "2311"]
[BlackElo "1923"]
[PlyCount "61"]
[EventDate "2022.04.12"]
[EventType "swiss (blitz)"]
[EventRounds "11"]
[EventCountry "USA"]
[SourceTitle "CBM 207 Extra"]
[Source "ChessBase"]
[SourceDate "2022.05.31"]
[SourceVersion "1"]
[SourceVersionDate "2022.05.31"]
[SourceQuality "1"]

1. e4 c6 2. d4 d5 3. Nc3 dxe4 4. Nxe4 Bf5 5. Ng3 Bg6 6. N3e2 e5 7. Nf3 exd4 8. Nexd4 Nf6 9. Bc4 Be7 10. 0-0 0-0 11. c3 Nbd7 12. Bf4 Qb6 13. b4 a5 14. a3 Rfd8 15. Qb3 a4 16. Qa2 Rac8 17. Ng5 Nd5 18. Be3 Nxe3 19. Bxf7+ Kh8 20. Bxg6 Bxg5 21. fxe3 Bxe3+ 22. Kh1 hxg6 23. Ne6 Re8 24. Rf3 Nf6 25. Raf1 c5 26. Rh3+ Bh6 27. Ng5 cxb4 28. Nf7+ Kh7 29. Ng5+ Kh8 30. Qf7 bxc3 31. Qxg6 1-0